| 000 | 01016nam0a2200289 4500 | ||
|---|---|---|---|
| 001 | RU\NLR\bibl\1262687 | ||
| 005 | 20260405145419.0 | ||
| 021 |
_aRU _b2008-47915 _92647 |
||
| 035 | _a(NLR Aleph) 001248670 | ||
| 090 |
_a304924 _c304924 |
||
| 100 | _a20080818d2008 |||y0rusy50 ca | ||
| 101 | 0 | _arus | |
| 102 | _aRU | ||
| 105 | _aac ||||||||| | ||
| 200 | 1 |
_aСотворение Вселенной _fХарун Яхья |
|
| 205 | _a2-е изд. | ||
| 210 |
_a[Б.м.] _c[б.и.] _d[2008] |
||
| 215 |
_a232 с. _cил., цв. ил., портр. _d24 |
||
| 320 | _aБиблиогр.: с. 228-232 (126 назв.) | ||
| 606 | 1 |
_aВселенная _xПроисхождение _xНаучные и религиозные взгляды _91407373 _3RU\NLR\auth\66280746 |
|
| 686 | _aЭ242.21 | ||
| 700 | 1 |
_4070 _8rus _7ca _aЯхья _bА. _cпсевдоним _f1956- _gХарун _3RU\NLR\auth\7760848 _943778 |
|
| 801 | 0 |
_aRU _bNLR _c20080818 _gRCR |
|
| 801 | 1 |
_aRU _bNLR _c20080818 |
|
| 942 | _cBOOK | ||
| 980 | _aNB | ||